Statistics for Smallest Countries by Area with Exceptions

Click here to take the quiz!

General Stats

  • This quiz has been taken 153 times
    (45 since last reset)
  • The average score is 11 of 14

Answer Stats

HintAnswer% Correct
AsiaQatar
93%
AmericasBelize
86%
AmericasEl Salvador
86%
AfricaLesotho
86%
AfricaEswatini
84%
AsiaIsrael
84%
AfricaBurundi
81%
AfricaGambia
81%
AfricaDjibouti
79%
AsiaLebanon
79%
AfricaRwanda
77%
AfricaEquatorial Guinea
74%
AsiaKuwait
74%
AsiaArmenia
60%

Score Distribution

Percentile by Number Answered

Percent of People with Each Score

Your Score History

You have not taken this quiz since the last reset